000
00343 a2200157 4500
001
185942
020
_a
85-16-00943-2
040
_c
Magnum
100
_a
Albergaria, Lino de
240
1
0
_a
Um anjo no jardim
_l
por
245
1
0
_a
Um anjo no jardim
300
_a
46
440
1
_a
Moderna
697
_a
LITERATURA INFANTO-JUVENIL
942
_c
BK
999
_c
185942
_d
185942